|
|
|
|
| LEADER |
01058nam a2200265 a 4500 |
| 001 |
GR-Patra14241 |
| 008 |
990125s1999 gr e b 001 b eng d |
| 020 |
|
|
|a 0849328845
|
| 040 |
|
|
|a GrPaTEI
|b gre
|c GR-PaULI
|
| 040 |
|
|
|a GrPaTEI
|b gre
|c GR-PaULI
|
| 040 |
|
|
|a GrPaTEI
|b gre
|c GR-PaULI
|
| 082 |
|
0 |
|a 629.8
|2 21
|
| 100 |
1 |
|
|a Sugeno, Michio,
|d 1940-
|
| 245 |
1 |
0 |
|a Fuzzy modeling and control :
|b selected works of M. Sugeno /
|c edited by Hung T. Nguyen, Nadipuram R. Prasad.
|
| 260 |
|
|
|a Boca Raton :
|b CRC Press,
|c c1999
|
| 300 |
|
|
|a xv, 429 σ. :
|b εικ.
|
| 504 |
|
|
|a Περιλαμβάνει βιβλιογραφίες και ευρετήριο.
|
| 650 |
|
0 |
|a AUTOMATIC CONTROL
|
| 650 |
|
0 |
|a FUZZY SYSTEMS
|
| 700 |
1 |
|
|a Nguyen, Hung T.,
|d 1944-
|
| 700 |
1 |
|
|a Prasad, Nadipuram R.
|
| 942 |
|
|
|2 ddc
|
| 952 |
|
|
|0 0
|1 0
|2 ddc
|4 0
|6 629_800000000000000_SUG
|7 0
|9 293206
|a LISK
|b LISK
|c BSC
|d 2021-01-17
|e 24
|f 0
|g 0.00
|l 0
|o 629.8 SUG
|p 92410018580
|r 2021-01-17 00:00:00
|t 1
|w 2021-01-17
|y BK15
|x 20010228 0 1
|x GrPaTEI
|
| 971 |
|
|
|a .b26617560
|b 15-04-20
|c 23-09-16
|
| 999 |
|
|
|c 171400
|d 171400
|